Improving deployment of dynamic honeypot in intrusion deception system by using passive fingerprinting /
Saved in:
| Main Author: | |
|---|---|
| Format: | Thesis Book |
| Language: | English |
| Published: |
2011.
|
| Subjects: | |
| Tags: |
Add Tag
No Tags, Be the first to tag this record!
|
| LEADER | 01075cam a2200253 a 4500 | ||
|---|---|---|---|
| 001 | u863370 | ||
| 003 | SIRSI | ||
| 005 | 201208301527 | ||
| 008 | 120830s2011 my a t 000 0 eng m | ||
| 040 | |a UMM | ||
| 090 | |a QA76 |b UM 2011 Nez | ||
| 100 | 1 | |a Nezhad, Hamid Mohammadzadeh Esfahani. | |
| 245 | 1 | 0 | |a Improving deployment of dynamic honeypot in intrusion deception system by using passive fingerprinting / |c Hamid Mohammadzadeh Esfahani Nezhad. |
| 260 | |c 2011. | ||
| 300 | |a xiv, 114 leaves : |b ill. ; |c 30 cm. | ||
| 502 | |a Dissertation (M.Comp.Sc.) -- Jabatan Sistem dan Teknologi Komputer, Fakulti Sains Komputer dan Teknologi Maklumat, Universiti Malaya, 2011. | ||
| 504 | |a Bibliography: leaves 108-114. | ||
| 650 | 0 | |a Intrusion detection systems (Computer security). | |
| 650 | 0 | |a Computer security. | |
| 650 | 0 | |a Computer networks |x Security measures. | |
| 710 | 2 | |a Universiti Malaya. |b Jabatan Sistem dan Teknologi Komputer. | |
| 900 | |a AT-ZA | ||
| 596 | |a 1 | ||
| 999 | |a QA76 UM 2011 NEZ |w LC |c 1 |i A515057291 |d 27/2/2013 |f 27/2/2013 |g 1 |l STACKS |m P01UTAMA |r Y |s Y |t TESIS |u 25/2/2013 | ||
